Информационная система оценки эффективности бизнеса и инвестиций; Прогрессивные технологии и экономика в машиностроении; Т. 2

Bibliografische gegevens
Parent link:Прогрессивные технологии и экономика в машиностроении: труды III Всероссийской научно-практической конференции, 19-21 мая 2005 года, Юрга/ Томский политехнический университет ; под ред. О. Ю. Ретюнского.— , 2005
Т. 2.— 2005.— С. 27-28
Hoofdauteur: Важдаев А. Н. Андрей Николаевич
Taal:Russisch
Gepubliceerd in: 2005
Onderwerpen:
Formaat: Hoofdstuk
KOHA link:https://koha.lib.tpu.ru/cgi-bin/koha/opac-detail.pl?biblionumber=137323

MARC

LEADER 00000naa2a2200000 4500
001 137323
005 20251203160038.0
035 |a (RuTPU)RU\TPU\book\148819 
090 |a 137323 
100 |a 20080507d2005 k y0rusy50 ca 
101 0 |a rus 
102 |a RU 
200 1 |a Информационная система оценки эффективности бизнеса и инвестиций  |f А. Н. Важдаев 
461 1 |0 (RuTPU)RU\TPU\book\118979  |t Прогрессивные технологии и экономика в машиностроении  |o труды III Всероссийской научно-практической конференции, 19-21 мая 2005 года, Юрга  |o в 2 т.  |f Томский политехнический университет ; под ред. О. Ю. Ретюнского  |d 2005 
463 0 |0 (RuTPU)RU\TPU\book\118379  |t Т. 2  |v С. 27-28  |d 2005 
610 1 |a бизнес 
610 1 |a эффективность 
610 1 |a оценка 
610 1 |a информационные системы 
610 1 |a инвестиции 
610 1 |a проекты 
610 1 |a труды учёных ТПУ 
700 1 |a Важдаев  |b А. Н.  |c специалист в области информатики и вычислительной техники  |c доцент, кандидат технических наук Юргинского технологического института (филиала) Томского политехнического университета  |f 1981-  |g Андрей Николаевич  |3 (RuTPU)RU\TPU\pers\24487  |9 10810 
801 1 |a RU  |b 63413507  |c 20080507  |g PSBO 
801 2 |a RU  |b 63413507  |c 20130710  |g PSBO 
942 |c BK